| 000 | 00000nam##2200000za#4500 |
| 001 | 9.606228 |
| 003 | CaOODSP |
| 005 | 20210624212524 |
| 007 | cr ||||||||||| |
| 008 | 150406|2002||||xxc|||||o f|0| 0 fre|d |
| 040 | |aCaOODSP|bfre |
| 043 | |an-cn--- |
| 086 | 1 |aBT31-2/2003-III-111F-PDF |
| 110 | 1 |aCanada. |bConseil du trésor. |
| 245 | 10|aComité des griefs des Forces canadiennes, budget des dépenses 2002-2003, partie III, rapport sur les plans et les priorités |h[ressource électronique] |
| 260 | |aOttawa - Ontario : |bSecrétariat du Conseil du Trésor du Canada |cc2002. |
| 300 | |a24p.|borganigramme, tableaux |
| 490 | 1 |aBudget des dépenses 2002-2003. Partie III, Rapport sur les plans et les priorités |v2002-2003 |
| 500 | |aLe n° de catalogue (BT31-2/2003-III-111) et l'ISBN (0-660-61819-2) de l'édition imprimée bilingue ont été incorrectement copiés dans l'édition électronique. |
| 590 | |a13-24-Supp|b2013-10-18 |
| 775 | 08|tCanadian Forces Grievances Board, 2002-2003 estimates, part III, report on plans and priorities |w(CaOODSP)9.568059 |
| 776 | 0#|tCanadian Forces Grievance Board |w(CaOODSP)9.535896 |
| 776 | 0#|tComité des griefs des Forces canadiennes |w(CaOODSP)9.535897 |
| 830 | #0|aBudget des dépenses 2002-2003. Partie III, Rapport sur les plans et les priorités ;|v2002-2003|w(CaOODSP)9.502578 |
| 856 | 40|ahttp://publications.gc.ca|qPDF|s222 Ko|uhttps://publications.gc.ca/collections/Collection/BT31-2-2003-III-111-fra.pdf|y2002-2003 |